Hlas Štefana Náhalku z Ríma prvé desaťročie

Bibliographic Details
Other Authors: Misál, Stanislav, 1976- (Compiler)
Format: Book
Language:Slovak
PhysicalDescription:175 s. 24 cm
Published: [Markušovce] DARIUS IT 2016
ISBN:9788097156244
Edition:1. vyd.
Subjects:

MARC

LEADER 00000nam a2200000 a 4500
001 vtls011542827
003 SK-MaSNL
005 20260426002927.0
008 181130s2016 xo g 000 0dslo
015 |a SNBA2016/04 
020 |a 9788097156244  |q (viaz.) 
035 |a urn:nbn:sk:snk-am00bd61 
035 |a urn:nbn:sk:snk-am3h9my 
035 |a 705C5580-668F-4FAC-AF31-758BAD8707C7 
040 |a SNK  |b slo  |c SNK  |e AACR2 
041 0 |a slo 
043 |a e-xo---  |a e-it--- 
044 |a xo  |c SK 
072 7 |a 27  |x Kresťanstvo. Kresťanská cirkev všeobecne. Ekleziológia  |2 konspekt 
072 7 |a 070  |x Noviny. Tlač. Žurnalistika  |2 konspekt 
080 |a 272-722.53  |2 2011 
080 |a 323.15  |2 2011 
080 |a (=162.4)  |2 2011 
080 |a (437.6)  |2 2011 
080 |a (450)  |2 2011 
080 |a 070.4  |2 2011 
080 |a 27  |2 2011 
080 |a 27-4  |2 2011 
080 |a (082.21)  |2 2011 
245 0 0 |a Hlas Štefana Náhalku z Ríma  |b prvé desaťročie  |c Stanislav Misál (zost.) 
250 |a 1. vyd. 
260 |a [Markušovce]  |b DARIUS IT  |c 2016 
300 |a 175 s.  |c 24 cm 
500 |a Vydané pre Rímskokatolícky farský úrad Liptovská Teplička 
500 |a Miesto vyd. podľa ISBN 
500 |a Biogr. údaje 
500 |a Vydané pri príležitosti 100. výročia narodenia Mons. Štefana Náhalku v Liptovskej Tepličke 
504 |a Zoz. skrat. 
600 1 7 |a Náhalka, Štefan,  |d 1916-1975  |2 SNKMA  |9 62329 
648 7 |a 1953-1963  |2 SNKPH  |9 310397 
648 7 |a 20. stor.  |2 SNKPH  |9 275975 
650 0 7 |a katolícki kňazi  |2 SNKPH  |9 1290 
650 0 7 |a Catholic priests  |y 20th century  |2 SNKPHeng  |9 607030 
650 0 7 |a publicistika  |2 SNKPH  |9 19168 
650 0 7 |a Publicistic  |2 SNKPHeng  |9 333756 
650 0 7 |a Slováci v zahraničí  |2 SNKPH  |9 14695 
650 0 7 |a Slovaks in foreign  |y 20th century  |2 SNKPHeng  |9 607031 
650 0 7 |a kresťanstvo  |2 SNKPH  |9 2024 
650 0 7 |a Christianity  |2 SNKPHeng  |9 267816 
650 0 7 |a náboženský život  |2 SNKPH  |9 1995 
650 0 7 |a Religious life  |2 SNKPHeng  |9 275462 
651 7 |a Slovensko  |2 SNKPH  |9 14231 
651 7 |a Slovakia  |2 SNKPHeng  |9 92630 
651 7 |a Rím (Taliansko)  |2 SNKPH  |9 23521 
651 7 |a Rome (Italy)  |2 SNKPHeng  |9 282646 
655 7 |a výbery  |2 SNKPH  |9 67620 
655 7 |a Selections  |2 SNKPHeng  |9 277174 
700 1 |a Misál, Stanislav,  |d 1976-  |4 com  |9 337793 
710 2 |a Rímskokatolícka cirkev.  |b Farský úrad (Liptovská Teplička, Slovensko)  |4 pbl  |9 557689 
852 |a Štátna vedecká knižnica v Banskej Bystrici 
919 |a 978-80-971562-4-4 
958 |a NT 
999 |c 930962  |d 932892 
952 |a SNK  |b SNK  |y PREZ  |7 0  |p 17A1184358  |o snkSC 168933  |i snk2016/8413  |8 0  |0 0  |1 0  |4 0  |d 2016-03-31  |f 1  |l 0  |r 2026-02-24 08:47:45  |w 2026-02-24 
952 |a SNK  |b SNKPULT  |y VYP  |7 0  |p 17A1184359  |o snkSC 168933 D1  |i snk2016/8415  |8 0  |0 0  |1 0  |4 0  |d 2016-03-31  |l 0  |r 2026-05-11 12:10:50  |w 2026-02-24